Cryptic Geography: Cities - Statistics

General Stats
  • This quiz has been taken 28 times
  • The average score is 4 of 15
Answer Stats
Clue City % Correct
Modern fortress Newcastle
55%
Sounds like a good place for a wander Rome
50%
City that sprouted up Brussels
36%
Religion, a terrible thing Islamabad
36%
River crossing point for another bull Oxford
36%
Little pet loses its head, and goes crazy in reverse Amsterdam
32%
Bull made of a grassy material Moscow
27%
The country of puffins Auckland
23%
Marshy place should be the answer Bogota
14%
In here, a place for hobos to nestle down for the night Boston
14%
Fashionable in the past Chicago
14%
Fourth letter of a city Durban
9%
Where Spice Girls set things on fire Melbourne
9%
Maxine gets mixed up Xiamen
9%
City built so a giant can live there Santiago
0%
No matching quizzes found
Score Distribution
Percent of People with Each Score
Percentile by Number Answered
Your Score History
You have not taken this quiz